Law of Agency/ (Record no. 612946)
[ view plain ]
| 000 -LEADER | |
|---|---|
| fixed length control field | 00248nam a22001097a 4500 |
| 082 ## - DEWEY DECIMAL CLASSIFICATION NUMBER | |
| Classification number | 347.4 |
| Author Mark | STO |
| 100 ## - MAIN ENTRY--PERSONAL NAME | |
| Personal name | Ston Richard |
| 245 ## - TITLE STATEMENT | |
| Title | Law of Agency/ |
| Statement of responsibility, etc. | Richard Ston |
| 300 ## - PHYSICAL DESCRIPTION | |
| Extent | 176,p; |
| Dimensions | 23,cm |
| 650 ## - SUBJECT ADDED ENTRY--TOPICAL TERM | |
| Topical term or geographic name entry element | Law |
| 942 ## - ADDED ENTRY ELEMENTS (KOHA) | |
| Source of classification or shelving scheme | |
| Koha item type | Book |
| 650 ## - SUBJECT ADDED ENTRY--TOPICAL TERM | |
| -- | 35302 |
| Withdrawn status | Lost status | Source of classification or shelving scheme | Damaged status | Not for loan | Permanent Location | Current Location | Date acquired | Source of acquisition | Total Checkouts | Full call number | Barcode | Date last seen | Price effective from | Koha item type |
|---|---|---|---|---|---|---|---|---|---|---|---|---|---|---|
| NUST Law School (NLS) | NUST Law School (NLS) | 02/25/2025 | Purchased by Multiline Books | 347.4 STO | NLS-3 | 02/25/2025 | 02/25/2025 | Book |
